000 00317nam a2200133Ia 4500
008 100328s9999 xx 000 0 und d
082 _b33459
100 _aबोरकर कमलाकर
245 _aजखम
260 _bत्रिदल
630 _aजखम
730 _aजखम
942 _cBOOK
999 _c523910
_d523907